Financial Management Journal of the Financial Management Association
Guardado en:
| Formato: | Seriadas |
|---|---|
| Lenguaje: | inglés |
| Publicado: |
Tampa
The Financial Management Association
|
| Materias: | |
| Etiquetas: |
Sin Etiquetas, Sea el primero en etiquetar este registro!
|
MARC
| LEADER | 00000nas1a22000001 4500 | ||
|---|---|---|---|
| 001 | s120699 | ||
| 005 | 20250701092059.6 | ||
| 022 | |a 0046-3892 | ||
| 022 | |a 1755-053X | ||
| 041 | 0 | |a eng | |
| 044 | |a US | ||
| 245 | 1 | 0 | |a Financial Management |b Journal of the Financial Management Association |
| 264 | 1 | |a Tampa |b The Financial Management Association | |
| 610 | 2 | 0 | |a manažment finančný |